Quiz mythologique : Apollon. - Statistiques

Statistiques générales
  • Ce quiz a été pris 233 fois
  • Le résultat moyen est 9 sur 16
Statistiques - réponses
Questions Réponses % Correct
Père Zeus
99%
De quoi Apollon est-il le dieu? Soleil | Arts
95%
Soeur Artémis
88%
Où réside-t-il? Mont Olympe
80%
Nommez un de ses attributs? Lyre | Arc
79%
Selon certaines légendes il aurait aidé Pâris à tuer ce héros. Achille
71%
Mère Léto
70%
Dans quelle ville la Pythie rend-elle l'oracle d'Apollon? Delphes
63%
Quel dieu lui a donné son instrument favori? Hermès
57%
Lequel de ses fils est dieu de la médecine? Asclépios
54%
Quel serpent Apollon tua-t-il avant d'établir son sanctuaire dans cette ville? Python
46%
Selon certaines légendes, il serait le père de ce héros poète et musicien. Orphée
44%
Quel animal le symbolise? Serpent | Corbeau
28%
Quel satyre connu les foudres d'Apollon après l'avoir défié dans un concours musical? Marsyas
10%
De quelle reine tua-t-il les enfants pour venger sa mère? Niobé
10%
Pour quel roi troyen dût-il construire les murailles de la ville avec son oncle Poséïdon? Laomédon
6%
Aucun quiz correspondant
Distribution des résultats
% des personnes avec chaque résultat
Percentile par nombre de réponses
Votre historique - résultats
Vous n’avez pas pris ce quiz